[Event "CZE-chT2D 1112"]
[Site "Czech Republic"]
[Date "2012.03.04"]
[Round "9"]
[White "Pulpan, Jakub"]
[Black "Belobrad, Ivan"]
[Result "1/2-1/2"]
[WhiteElo "1988"]
[BlackElo "2168"]
[PlyCount "51"]
[EventDate "2011.10.09"]
[EventType "team-tourn"]
[EventRounds "11"]
[EventCountry "CZE"]
[SourceTitle "EXT 2013"]
[Source "ChessBase"]
[SourceDate "2012.11.22"]
[SourceVersion "1"]
[SourceVersionDate "2012.11.22"]
[SourceQuality "1"]
[WhiteTeam "Polabiny III"]
[BlackTeam "Vysoke Myto"]
[WhiteTeamCountry "CZE"]
[BlackTeamCountry "CZE"]

1. e4 Nc6 2. Nf3 d6 3. d4 Bg4 4. Be3 e5 5. Be2 Bxf3 6. Bxf3 exd4 7. Bxd4 Nxd4 8. Qxd4 Be7 9. Nc3 Bf6 10. Qd3 Ne7 11. 0-0-0 0-0 12. g3 Rb8 13. Bg2 a6 14. f4 b5 15. g4 Bxc3 16. Qxc3 Ng6 17. Qg3 Qf6 18. Rhf1 Qh4 19. Kb1 Qxg3 20. hxg3 f6 21. Rh1 h6 22. Rd5 Rbe8 23. c3 Ne7 24. Rdh5 Nc8 25. Kc2 Nb6 26. Kd3 1/2-1/2

[Event "CZE-chT2D 1112"]
[Site "Czech Republic"]
[Date "2011.11.06"]
[Round "2"]
[White "Machlowski, Slawomir"]
[Black "Belobrad, Ivan"]
[Result "0-1"]
[WhiteElo "2170"]
[BlackElo "2168"]
[PlyCount "84"]
[EventDate "2011.10.09"]
[EventType "team-tourn"]
[EventRounds "11"]
[EventCountry "CZE"]
[SourceTitle "EXT 2013"]
[Source "ChessBase"]
[SourceDate "2012.11.22"]
[SourceVersion "1"]
[SourceVersionDate "2012.11.22"]
[SourceQuality "1"]
[WhiteTeam "Rychnov nad Kneznou"]
[BlackTeam "Vysoke Myto"]
[WhiteTeamCountry "CZE"]
[BlackTeamCountry "CZE"]

1. g3 g6 2. Bg2 Bg7 3. d4 f5 4. c4 Nf6 5. Nh3 0-0 6. Nc3 d6 7. d5 c6 8. Nf4 Qa5 9. 0-0 Qb4 10. Qd3 Ng4 11. dxc6 bxc6 12. Ncd5 Qb7 13. Qb3 Qd7 14. Nb4 Bb7 15. Rd1 Kh8 16. Nbd3 Na6 17. c5 d5 18. Ne6 Qxe6 19. Qxb7 Qxe2 20. Rd2 Nxc5 21. Nxc5 Qe1+ 22. Bf1 Bd4 23. Nd3 Qe6 24. Re2 Qd6 25. h3 Qxg3+ 26. Bg2 Qxd3 27. Rd2 Bxf2+ 28. Kh1 Qe3 29. Rxf2 Nxf2+ 30. Kg1 Qe1+ 31. Kh2 Qe5+ 32. Kg1 Qg3 33. Qb4 Nxh3+ 34. Kh1 f4 35. Qd4+ Kg8 36. Qe5 Nf2+ 37. Kg1 Nh3+ 38. Kh1 Nf2+ 39. Kg1 Ng4 40. Qe6+ Rf7 41. Bxf4 Qxf4 42. Rf1 Qh2# 0-1

[Event "Kouty nad Desnou op-A"]
[Site "Kouty nad Desnou"]
[Date "2011.03.15"]
[Round "5"]
[White "Valenta, Vit"]
[Black "Belobrad, Ivan"]
[Result "1-0"]
[WhiteElo "2181"]
[BlackElo "2011"]
[PlyCount "85"]
[EventDate "2011.03.12"]
[EventType "swiss"]
[EventRounds "9"]
[EventCountry "CZE"]
[SourceTitle "EXT 2014"]
[Source "ChessBase"]
[SourceDate "2013.11.20"]
[SourceVersion "1"]
[SourceVersionDate "2013.11.20"]
[SourceQuality "1"]

1. b4 d5 2. Bb2 Nf6 3. Nf3 e6 4. a3 c5 5. bxc5 Bxc5 6. e3 Nc6 7. Be2 0-0 8. 0-0 Bd6 9. d4 Qc7 10. Nbd2 Ne4 11. g3 e5 12. dxe5 Nxe5 13. Nxe5 Bxe5 14. Bxe5 Qxe5 15. Nf3 Qc7 16. Nd4 Nc3 17. Qd2 Nxe2+ 18. Qxe2 Qc4 19. Qf3 Be6 20. Rab1 Rab8 21. Rb4 Qc3 22. Rb3 Qc5 23. Rfb1 b5 24. Qe2 a6 25. Qd2 Rb6 26. Qa5 Rfb8 27. Rc3 Qd6 28. Qb4 Qd7 29. Qc5 R6b7 30. Qc6 Qxc6 31. Rxc6 Rb6 32. Rc5 Rd8 33. a4 b4 34. Nc6 Rd6 35. Nd4 Rd8 36. a5 Rb7 37. Rc6 Rc8 38. Rxa6 g6 39. Rb6 Ra7 40. Nc6 Rac7 41. Nxb4 Bf5 42. Nxd5 Bxc2 43. Rc1 1-0

[Event "Kouty nad Desnou op-A"]
[Site "Kouty nad Desnou"]
[Date "2011.03.14"]
[Round "3"]
[White "Vanek, Ladislav"]
[Black "Belobrad, Ivan"]
[Result "0-1"]
[WhiteElo "2183"]
[BlackElo "2011"]
[PlyCount "130"]
[EventDate "2011.03.12"]
[EventType "swiss"]
[EventRounds "9"]
[EventCountry "CZE"]
[SourceTitle "EXT 2014"]
[Source "ChessBase"]
[SourceDate "2013.11.20"]
[SourceVersion "1"]
[SourceVersionDate "2013.11.20"]
[SourceQuality "1"]

1. d4 e6 2. c4 b6 3. a3 Bb7 4. Nc3 f5 5. Nf3 Nf6 6. g3 Be7 7. Bg2 0-0 8. 0-0 Ne4 9. Qb3 Nxc3 10. Qxc3 Bf6 11. Be3 d6 12. Rad1 Qe7 13. Qd2 h6 14. d5 e5 15. Qc2 Bc8 16. Bc1 g5 17. e4 f4 18. gxf4 exf4 19. Ne1 Bg4 20. f3 Bh5 21. Bh3 Nd7 22. Be6+ Bf7 23. Bxf7+ Rxf7 24. Kh1 Be5 25. b3 Raf8 26. Nd3 h5 27. Rg1 Rg7 28. Rg2 g4 29. Qe2 Qh4 30. Qf2 Qxf2 31. Nxf2 gxf3 32. Rgg1 Kh7 33. Rd3 Rxg1+ 34. Kxg1 Nc5 35. Rxf3 Bd4 36. Kf1 Bxf2 37. Kxf2 Nxe4+ 38. Ke2 Re8 39. Bxf4 Nc5+ 40. Kd2 Rf8 41. b4 Nd7 42. Ke2 Re8+ 43. Kd3 Rf8 44. Ke4 Re8+ 45. Kf5 Rf8+ 46. Kg5 Nf6 47. Re3 Rf7 48. Re6 Nd7 49. Rh6+ Kg7 50. Rxh5 Nf6 51. Rh3 Ne4+ 52. Kh5 Rxf4 53. Re3 Kf6 54. a4 Kf5 55. Kh6 Rh4+ 56. Kg7 Rxh2 57. Rf3+ Ke5 58. Rf7 Rg2+ 59. Kh6 a5 60. b5 Nc5 61. Rxc7 Nxa4 62. Rc6 Rg8 63. Kh7 Ra8 64. Kg7 Nc5 65. Rxb6 a4 0-1

[Event "Kouty nad Desnou op-A"]
[Site "Kouty nad Desnou"]
[Date "2011.03.13"]
[Round "2"]
[White "Belobrad, Ivan"]
[Black "Strnad, Ondrej"]
[Result "1-0"]
[WhiteElo "2011"]
[BlackElo "1786"]
[PlyCount "41"]
[EventDate "2011.03.12"]
[EventType "swiss"]
[EventRounds "9"]
[EventCountry "CZE"]
[SourceTitle "EXT 2014"]
[Source "ChessBase"]
[SourceDate "2013.11.20"]
[SourceVersion "1"]
[SourceVersionDate "2013.11.20"]
[SourceQuality "1"]

1. e4 c6 2. Nc3 d5 3. Nf3 Bg4 4. h3 Bh5 5. exd5 cxd5 6. Bb5+ Nc6 7. g4 Bg6 8. Ne5 Rc8 9. d4 e6 10. h4 Bb4 11. h5 Be4 12. f3 Qa5 13. Bd2 Nge7 14. fxe4 dxe4 15. Nc4 Qc7 16. Nxe4 Bxd2+ 17. Qxd2 0-0 18. 0-0-0 Nd5 19. h6 g6 20. Qh2 Qd7 21. Qd6 1-0

[Event "Sec op-A"]
[Site "Sec u Chrudimi"]
[Date "2007.10.24"]
[Round "6"]
[White "Belobrad, Ivan"]
[Black "Misicko, Jan"]
[Result "0-1"]
[WhiteElo "2030"]
[BlackElo "2103"]
[PlyCount "42"]
[EventDate "2007.10.20"]
[EventType "swiss"]
[EventRounds "9"]
[EventCountry "CZE"]
[SourceTitle "EXT 2022"]
[Source "ChessBase"]
[SourceDate "2021.10.06"]
[SourceVersion "1"]
[SourceVersionDate "2021.10.06"]
[SourceQuality "1"]

1. e4 c5 2. Nf3 e6 3. d4 cxd4 4. Nxd4 Nf6 5. Nc3 d6 6. Bc4 Nc6 7. Be3 Be7 8. Qe2 0-0 9. 0-0-0 a6 10. Bb3 Qc7 11. g4 Nd7 12. Nxe6 fxe6 13. Bxe6+ Kh8 14. Nd5 Qd8 15. b4 Rb8 16. f4 Nf6 17. Bb6 Qe8 18. f5 Nxd5 19. exd5 Bxe6 20. dxe6 Nxb4 21. c3 Rc8 0-1

[Event "Klatovy op-A"]
[Site "Klatovy"]
[Date "1999.??.??"]
[Round "8"]
[White "Belobrad, Ivan"]
[Black "Hadraba, Vladimir"]
[Result "0-1"]
[WhiteElo "2030"]
[BlackElo "2227"]
[PlyCount "80"]
[EventDate "1999.??.??"]
[EventType "swiss"]
[EventRounds "9"]
[EventCountry "CZE"]
[SourceTitle "EXT 2000"]
[Source "ChessBase"]
[SourceDate "1999.11.16"]
[SourceVersion "1"]
[SourceVersionDate "1999.11.16"]
[SourceQuality "1"]

1. e4 c5 2. Nf3 e6 3. d4 cxd4 4. Nxd4 Nc6 5. Nc3 Qc7 6. g3 a6 7. Bg2 d6 8. 0-0 Bd7 9. Re1 Be7 10. a4 Nf6 11. b3 0-0 12. Bb2 Rac8 13. Nxc6 Bxc6 14. a5 Rfd8 15. Qe2 Bf8 16. Nd1 d5 17. Bxf6 gxf6 18. exd5 Bxd5 19. Bxd5 Rxd5 20. Ne3 Rxa5 21. Rxa5 Qxa5 22. Rd1 Rd8 23. Rxd8 Qxd8 24. Qf3 b5 25. h4 f5 26. Qc6 Qd6 27. Qb7 Bh6 28. Qa8+ Kg7 29. Qf3 Qd2 30. Nxf5+ exf5 31. Qxf5 Qe1+ 32. Kg2 Qe6 33. Qd3 Kg8 34. Qd8+ Bf8 35. Qd3 Qc6+ 36. Kg1 a5 37. Qf5 a4 38. bxa4 bxa4 39. Qg5+ Qg6 40. Qc1 a3 0-1

[Event "Klatovy op-A"]
[Site "Klatovy"]
[Date "1999.??.??"]
[Round "7"]
[White "Tupy, Martin"]
[Black "Belobrad, Ivan"]
[Result "1/2-1/2"]
[WhiteElo "2219"]
[BlackElo "2030"]
[PlyCount "32"]
[EventDate "1999.??.??"]
[EventType "swiss"]
[EventRounds "9"]
[EventCountry "CZE"]
[SourceTitle "EXT 2000"]
[Source "ChessBase"]
[SourceDate "1999.11.16"]
[SourceVersion "1"]
[SourceVersionDate "1999.11.16"]
[SourceQuality "1"]

1. d4 Nf6 2. Nf3 g6 3. c4 Bg7 4. Nc3 0-0 5. e4 d6 6. Be2 c5 7. 0-0 Na6 8. d5 e6 9. Bg5 h6 10. Be3 exd5 11. cxd5 Re8 12. Nd2 Nc7 13. a4 b6 14. Re1 Rb8 15. Qc2 a6 16. Nc4 b5 1/2-1/2

[Event "Klatovy op-A"]
[Site "Klatovy"]
[Date "1998.??.??"]
[Round "?"]
[White "Belobrad, Ivan"]
[Black "Vanek, Tomas"]
[Result "1-0"]
[WhiteElo "2050"]
[BlackElo "1920"]
[PlyCount "69"]
[EventDate "1998.??.??"]
[EventType "swiss"]
[EventRounds "9"]
[EventCountry "CZE"]
[SourceTitle "EXT 2000"]
[Source "ChessBase"]
[SourceDate "1999.11.16"]
[SourceVersion "1"]
[SourceVersionDate "1999.11.16"]
[SourceQuality "1"]

1. e4 c5 2. Nf3 Nc6 3. Bb5 g6 4. 0-0 Bg7 5. c3 a6 6. Bxc6 dxc6 7. Qe2 Bg4 8. h3 Bxf3 9. Qxf3 Qb6 10. d3 Rd8 11. Qe2 e5 12. f4 c4+ 13. Be3 cxd3 14. Qf2 c5 15. Bxc5 Qe6 16. fxe5 Ne7 17. Nd2 Rf8 18. Nf3 f6 19. exf6 Bxf6 20. Qe3 Rd7 21. Bd4 Nf5 22. Qxd3 Ng3 23. Rfe1 g5 24. e5 Bd8 25. Nd2 Nf5 26. Ne4 Rg7 27. Bc5 Nh4 28. Bxf8 Bb6+ 29. Bc5 Bxc5+ 30. Nxc5 Qc6 31. Ne4 g4 32. Rad1 Qb6+ 33. Qd4 Qxd4+ 34. Rxd4 gxh3 35. Nf6+ 1-0

[Event "Klatovy op-A"]
[Site "Klatovy"]
[Date "1998.??.??"]
[Round "?"]
[White "Cisler, Petr"]
[Black "Belobrad, Ivan"]
[Result "1-0"]
[WhiteElo "2205"]
[BlackElo "2050"]
[PlyCount "70"]
[EventDate "1998.??.??"]
[EventType "swiss"]
[EventRounds "9"]
[EventCountry "CZE"]
[SourceTitle "EXT 2000"]
[Source "ChessBase"]
[SourceDate "1999.11.16"]
[SourceVersion "1"]
[SourceVersionDate "1999.11.16"]
[SourceQuality "1"]

1. e4 e5 2. Nf3 Nc6 3. Bb5 a6 4. Ba4 Nf6 5. 0-0 Be7 6. Re1 b5 7. Bb3 0-0 8. d3 d6 9. c3 Bg4 10. h3 Bh5 11. Nbd2 h6 12. Nf1 Na5 13. Bc2 Nh7 14. g4 Bg6 15. Ng3 Ng5 16. Kh2 Nxf3+ 17. Qxf3 Bg5 18. Nf5 Bxc1 19. Raxc1 c5 20. Qe3 f6 21. b4 cxb4 22. cxb4 Nb7 23. Bb3+ Bf7 24. d4 Bxb3 25. Qxb3+ Kh7 26. Qd5 Qd7 27. Rc6 Rfd8 28. Rec1 Rac8 29. Rxc8 Rxc8 30. Rxc8 Qxc8 31. Qf7 Qg8 32. Qxb7 exd4 33. Qd5 Qb8 34. Nxd4 g6 35. Qf7+ Kh8 1-0

[Event "Klatovy op-A"]
[Site "Klatovy"]
[Date "1998.??.??"]
[Round "?"]
[White "Jandecka, Tomas"]
[Black "Belobrad, Ivan"]
[Result "1/2-1/2"]
[WhiteElo "2175"]
[BlackElo "2050"]
[PlyCount "32"]
[EventDate "1998.??.??"]
[EventType "swiss"]
[EventRounds "9"]
[EventCountry "CZE"]
[SourceTitle "EXT 2000"]
[Source "ChessBase"]
[SourceDate "1999.11.16"]
[SourceVersion "1"]
[SourceVersionDate "1999.11.16"]
[SourceQuality "1"]

1. e4 e5 2. Nf3 Nc6 3. Bc4 Nf6 4. d4 exd4 5. 0-0 Nxe4 6. Re1 d5 7. Bxd5 Qxd5 8. Nc3 Qa5 9. Nxe4 Be6 10. Bd2 Bb4 11. Nxd4 Nxd4 12. c3 Be7 13. cxd4 Qd5 14. Bb4 Bxb4 15. Qa4+ Qc6 16. Qxb4 0-0-0 1/2-1/2